| 000 | 00466nam a22001817a 4500 | ||
|---|---|---|---|
| 003 | OSt | ||
| 005 | 20180116183050.0 | ||
| 008 | 160811b xxu||||| |||| 00| 0 eng d | ||
| 020 | _a9698318046 | ||
| 040 | _c0 | ||
| 082 | _a758.2074 SHA 2005 | ||
| 100 | _aShah, Mian Zahir | ||
| 245 |
_aSea Phoenix : _bA True Submarine Story _cMian Zahir Shah |
||
| 260 |
_aIslamabad _bPN Book Club _c2005 |
||
| 300 |
_a426 p. _bPB |
||
| 440 | _aSea Phoenix : | ||
| 942 |
_2ddc _cBK |
||
| 999 |
_c351603 _d351603 |
||